000 01075cam a22003134a 4500
001 16737637
003 OSt
005 20110718135930.0
008 110415s1993 uv a 000 0 nic d
010 _a 2011401206
035 _a(OCoLC)ocm31324339
040 _aZBS
_cZBS
_dNLGGC
_dDLC
042 _alccopycat
050 0 0 _aBS 325
_b.K48 1993
084 _a18.92
_2bcl
084 _a11.31
_2bcl
130 0 _aBible.
_pN.T.
_lKaraboro.
_f1993.
_98986
245 1 0 _aYãhã naambiyãrfãn saba.
250 _a1. éd.
260 _aOuagadougou, Burkina Faso :
_bSociété biblique internationale en coopération avec l'Association nationale pour la traduction de la Bible et l'alphabétisation,
_c[1993].
300 _a659 p. :
_bill. ;
_c22 cm.
500 _aPreface in French and Karaboro.
500 _a"Le Nouveau Testament en Karaboro"--T.p. verso.
500 _aIncludes glossary.
650 0 _aKaraboro language
_vTexts.
_98987
906 _a7
_bcbc
_ccopycat
_d3
_encip
_f20
_gy-gencatlg
942 _2lcc
_cBK
999 _c52419
_d52393